000 00529cam a2200205 4500
001 2677595
005 20180131051230.0
008 740329s1975 mau 001 0 eng
010 _a 74006187
020 _a0470241179
_a0470241187 (pbk.)
040 _aDLC
_cDLC
_dDLC
041 _aeng
080 _a301.32 END
082 0 0 _a301.32 END
100 1 _a50
101 _aSOC
245 1 0 _aOn defusing the population bomb
_c[by] Michael E. Endres.
906 _a7
_bcbc
_corignew
_d1
_eocip
_f19
_gy-gencatlg
942 _2ddc
_cBK
999 _c41367
_d41367